LEADER 01524nam a2200349 a 4500 001 000000123500 003 CaOOAMICUS 005 20101022134440.0 008 101022t2010 it ab u000 u ita r 040 $aPUL$bita 041 1 $aita$heng 082 04$a930 100 1 $aMacDowall, Simon.$0(OLS)http://pul/name/77780 240 10$aGermanic warrior AD 236-568.$lItaliano.$0(OLS)http://pul/title/155645 245 10$aGuerrieri germanici /$cSimon MacDowall ; illustrazioni di Angus McBride. 260 $aMilano :$bRBA Italia,$cİ2010. 300 $a72 p. :$bill., c. geogr. ;$c25 cm. 490 1 $aRoma e Grecia. Le battaglie, gli eserciti, i grandi condottieri 490 1 $aRoma. La caduta dell'impero IV 500 $aPubblicazione periodica settimanale. 504 $aInclude bibliografia ed indice. 651 4$aGermania$xStoria militare.$0(OLS)http://pul/subject/37263 700 1 $aMcBride, Angus.$0(OLS)http://pul/name/75866 830 0$aRoma e Grecia$pLe battaglie, gli eserciti, i grandi condottieri.$0(OLS)http://pul/title/150360 830 0$aRoma.$pLa caduta dell'impero IV.$0(OLS)http://pul/title/155647 850 $aPUL 852 $aPUL$W1$xDP2 Filosofia 3$y112$m930 COLL 2.32$j142167$qDDC 21$B141141$CPULBib$Z2$F141141 $H115076 $82 941 1 $a9 996 $6082$a930$9(OLS)http://pul/classification/398 996 $6245$aGuerrieri germanici$9(OLS)http://pul/title/155646 996 $6260$aMilano :$bRBA Italia$9(OLS)http://pul/publisher/80118 LEADER 00973nam a2200253 u 4500 001 000000086783 003 CaOOAMICUS 005 20070226124333.0 008 051004s1929 it u000 u ita u 035 $a11061547 040 $aPUL(R)$bita 100 1 $aMeozzi, Antero.$0(OLS)http://pul/name/54278 245 12$aL'utopia politica di Dante /$cA. Meozzi. 260 $aMilano :$b"Athena",$c1929. 300 $a176 p. ;$c18 cm 490 1 $aLa coltura dantesca 600 04$aDante Alighieri,$d1265-1321.$0(OLS)http://pul/subject/5299 830 3$aLa coltura dantesca.$0(OLS)http://pul/title/112397 850 $aPUL 852 $aPUL$W1$xDP1 Fondo Cecchetti$y53$m295 G 41$j110131$nBK-PRI$b $qFondi$B110131$CPULBib$Z2$F110131 $HPUL4133 $81 941 1 $a1 960 $aAlighieri, Dante,$d1265-1321$95299 996 $6245$aL'utopia politica di Dante$9(OLS)http://pul/title/112396 996 $6260$aMilano :$b"Athena"$9(OLS)http://pul/publisher/77502